<?xml version="1.0" encoding="UTF-8"?>
<collection xmlns="http://www.loc.gov/MARC21/slim">
 <record>
  <leader>00885nam a2200265   4500</leader>
  <controlfield tag="001">000008036</controlfield>
  <controlfield tag="003">4217</controlfield>
  <controlfield tag="005">20150812140854.0</controlfield>
  <controlfield tag="008">111013s2000                           sd</controlfield>
  <datafield tag="082" ind1="1" ind2=" ">
   <subfield code="a">516</subfield>
   <subfield code="b">VA-C</subfield>
  </datafield>
  <datafield tag="100" ind1="0" ind2=" ">
   <subfield code="a">Văn Như Cương</subfield>
   <subfield code="e">chủ biên</subfield>
  </datafield>
  <datafield tag="245" ind1="0" ind2="0">
   <subfield code="a">Hình học</subfield>
   <subfield code="c">Văn Như Cương</subfield>
  </datafield>
  <datafield tag="250" ind1=" " ind2=" ">
   <subfield code="a">Tái bản lần thứ 2</subfield>
  </datafield>
  <datafield tag="260" ind1=" " ind2=" ">
   <subfield code="a">H.</subfield>
   <subfield code="b">Giáo dục</subfield>
   <subfield code="c">2000</subfield>
  </datafield>
  <datafield tag="300" ind1=" " ind2=" ">
   <subfield code="a">99tr</subfield>
   <subfield code="c">20cm</subfield>
  </datafield>
  <datafield tag="774" ind1=" " ind2=" ">
   <subfield code="a">Văn Như Cương</subfield>
   <subfield code="b">Tái bản lần thứ 2</subfield>
   <subfield code="d">H.</subfield>
   <subfield code="d">Giáo dục</subfield>
   <subfield code="d">2000</subfield>
   <subfield code="g">tập 2</subfield>
   <subfield code="h">140tr.</subfield>
   <subfield code="w">4255</subfield>
  </datafield>
  <datafield tag="774" ind1=" " ind2=" ">
   <subfield code="a">Văn Như Cương</subfield>
   <subfield code="b">Tái bản lần thứ 2</subfield>
   <subfield code="d">Giáo dục</subfield>
   <subfield code="d">H.</subfield>
   <subfield code="d">2000</subfield>
   <subfield code="g">tập 3</subfield>
   <subfield code="h">110tr.</subfield>
   <subfield code="o">KM.100030, KM.100031, KM.100032, KM.100033, KM.100034</subfield>
   <subfield code="w">4261</subfield>
  </datafield>
  <datafield tag="OWN" ind1=" " ind2=" ">
   <subfield code="a">LSP</subfield>
  </datafield>
  <datafield tag="999" ind1=" " ind2=" ">
   <subfield code="a">From the UDN01</subfield>
  </datafield>
  <datafield tag="TYP" ind1=" " ind2=" ">
   <subfield code="a">Monograph</subfield>
  </datafield>
  <datafield tag="TYP" ind1=" " ind2=" ">
   <subfield code="a">Printed language</subfield>
  </datafield>
  <datafield tag="980" ind1=" " ind2=" ">
   <subfield code="a">Mạng thư viện Đại học Đà Nẵng</subfield>
  </datafield>
 </record>
</collection>
